Select Essays from the Writings of Eviscount Morley (Record no. 2137)

MARC details
000 -LEADER
fixed length control field 00443nam a2200145Ia 4500
008 - FIXED-LENGTH DATA ELEMENTS--GENERAL INFORMATION
fixed length control field 211109s9999||||xx |||||||||||||| ||und||
082 ## - DEWEY DECIMAL CLASSIFICATION NUMBER
Classification number 824
Item number RAW-S
100 ## - MAIN ENTRY--PERSONAL NAME
Personal name Rawlinson, H G
245 #0 - TITLE STATEMENT
Title Select Essays from the Writings of Eviscount Morley
260 ## - PUBLICATION, DISTRIBUTION, ETC.
Name of publisher, distributor, etc. Macmillan and Co., Limited
Place of publication, distribution, etc. Kingston
Date of publication, distribution, etc. 1926
300 ## - PHYSICAL DESCRIPTION
Extent 125p.
630 ## - SUBJECT ADDED ENTRY--UNIFORM TITLE
General subdivision General Stack
650 ## - SUBJECT ADDED ENTRY--TOPICAL TERM
Topical term or geographic name entry element English essays
942 ## - ADDED ENTRY ELEMENTS (KOHA)
Koha item type BOOK
650 ## - SUBJECT ADDED ENTRY--TOPICAL TERM
Form subdivision English & old English Literatures
General subdivision Literature
Holdings
Withdrawn status Lost status Damaged status Not for loan Home library Current library Date acquired Cost, normal purchase price Total Checkouts Full call number Barcode Shelving location Date last seen Price effective from Koha item type
        SB LIBRARY SB LIBRARY 09/11/2021 100.00   824 RAW-S 00002308 GENERAL STACK 09/11/2021 09/11/2021 BOOK

Powered by Koha